Strophes pour se souvenir / L'affiche rouge - Statistiques

Statistiques générales
  • Ce quiz a été pris 44 fois
  • Le résultat moyen est 201 sur 296
Statistiques - réponses
Réponse % Correct
à
95%
A
95%
et
95%
Et
95%
la
95%
La
95%
le
95%
de
90%
les
90%
Les
90%
des
86%
en
86%
Ma
86%
agonisants
81%
allemand
81%
étaient
81%
haine
81%
Je
81%
je
81%
me
81%
meurs
81%
moi
81%
mort
81%
ô
81%
pas
81%
peuple
81%
pour
81%
Vous
81%
vous
81%
aux
76%
Mélinée
76%
murs
76%
n'avez
76%
ne
76%
ni
76%
Ni
76%
que
76%
Que
76%
sur
76%
vos
76%
Y
76%
yeux
76%
ans
71%
armes
71%
cela
71%
déjà
71%
du
71%
enfant"
71%
étiez
71%
fin
71%
France"
71%
France
71%
larmes
71%
Onze
71%
onze
71%
orpheline
71%
passe
71%
prière
71%
réclamé
71%
sans
71%
servi
71%
simplement
71%
un
71%
Un
71%
villes
71%
vite
71%
gloire
67%
jour
67%
mon
67%
n'éblouit
67%
nos
67%
Partisans
67%
qu'à
67%
qui
67%
vingt
67%
Vingt
67%
aviez
62%
ceux
62%
français
62%
Ils
62%
"Morts
62%
pense
62%
préférence
62%
Quand
62%
quand
62%
sang
62%
souvent
62%
trois
62%
une
62%
amour
57%
Avaient
57%
dans
57%
différents
57%
durant
57%
écrit
57%
errants
57%
gens
57%
L'affiche
57%
Mais
57%
passants
57%
photos
57%
roses
57%
semblait
57%
sous
57%
survivre
57%
tâche
57%
Toi
57%
tous
57%
vie
57%
vont
57%
Adieu
52%
beauté
52%
"Bonheur
52%
Bonheur
52%
choses
52%
couvre-feu
52%
d'avoir
52%
difficiles
52%
dis
52%
doigts
52%
effet
52%
Erivan
52%
février
52%
fini
52%
fleurirent
52%
frères
52%
fusils
52%
heureuse
52%
l'heure
52%
matins
52%
menaçants
52%
mornes
52%
noms
52%
nuit
52%
peur
52%
prononcer
52%
sera
52%
sont
52%
te
52%
Tout
52%
tout
52%
vivre
52%
voir
52%
allaient
48%
amoureux
48%
calmement
48%
c'est
48%
cherchait
48%
criaient
48%
derniers
48%
d'hiver
48%
dit
48%
étrangers
48%
l'un
48%
moments
48%
mourir
48%
Noirs
48%
Nul
48%
Parce
48%
portraits
48%
pourtant
48%
s'abattant
48%
sois
48%
soleil
48%
vent
48%
alors
43%
barbe
43%
belle
43%
cœur
43%
colline
43%
demeurer
43%
est
43%
fend
43%
givre
43%
grand
43%
hirsutes
43%
l'orgue
43%
lumière
43%
nature
43%
vas
43%
avait
38%
couleur
38%
éclaire
38%
Marie-toi
38%
plus
38%
tard
38%
triomphants
38%
uniforme
38%
avant
33%
plaisir
33%
leur
29%
temps
29%
viendra
29%
donnaient
24%
peine
24%
justice
19%
Aucun quiz correspondant
Distribution des résultats
% des personnes avec chaque résultat
Percentile par nombre de réponses
Votre historique - résultats
Vous n’avez pas pris ce quiz